Statistics for Сapitals of Oceania(With yellow box)

Click here to take the quiz!

General Stats

  • This quiz has been taken 12 times
  • The average score is 10 of 14

Answer Stats

HintAnswer% Correct
AustraliaCanberra
100%
Papua New GuineaPort-Moresby
90%
New ZealandWellington
90%
SamoaApia
80%
Solomon IslandsHoniara
80%
VanuatuPort-Vila
80%
FijiSuva
80%
PalauNgerulmud
70%
KiribatiSouth Tarawa
70%
TuvaluFunafuti
60%
Marshall IslandsMajuro
60%
TongaNukualofa
60%
Federated States of MicronesiaPalikir
60%
Nauru(de-facto)Yaren
60%

Score Distribution

Percentile by Number Answered

Percent of People with Each Score

Your Score History

You have not taken this quiz